00451nam a2200193Ia 4500008003600000020001800036041000800054082001800062100002500080245004000105260003900145300001300184650001000197650000700207650000900214650001500223650001100238650000800249210210b xxu||||| |||| 00| 0 eng d a9788126158478 aeng a343.0998 SINP aSINGH (Sanjay Kumar) aPress laws and ethics of journalism aNDbAnmol Publications Pvt. Ltd.c aviii,288 aPress aof alaws ajournalism aethics aand